Pocity a Moudrost / (Záznam č. 34269)
| 000 -Návěští | |
|---|---|
| Řídící pole kódované 24B | 02284nam a22004337i 4500 |
| 001 - Kontrolní číslo | |
| Řídící pole proměnné | 109753 |
| 003 - Identifikátor kontrolního čísla | |
| Řídící pole proměnné | CZ PrSKC |
| 005 - Datum posledního zpracování | |
| Řídící pole 16B | 20260512145338.0 |
| 008 - Údaje pevné délky | |
| Řídící pole kódované 40B | 260429s2026 xr ||||b |||| 00| 1 cze d |
| 020 ## - ISBN | |
| ISBN | 978-80-275-2922-3 |
| -- | (vázáno) : |
| Dostupnost | Kč 429,00 |
| 040 ## - Zdroj katalogizace-agentura | |
| Agentura původní katalogizace | UOG001 |
| Jazyk katalogizace | cze |
| Použitá pravidla popisu | rda |
| 041 1# - Kód jazyka | |
| Kód jazyka textu/zvuku, mezititulků | cze |
| Kód jazyka originálu | pol |
| 072 #7 - Kód předmětové kategorie - Konspekt | |
| Předmětová kategorie | 821.162.1 |
| Zpřesnění předmětové kategorie | Polská literatura |
| Zdroj předmětové klasifikace | Konspekt |
| 072 #7 - Kód předmětové kategorie - Konspekt | |
| Předmětová kategorie | 821-93 |
| Zpřesnění předmětové kategorie | Literatura pro děti a mládež (beletrie) |
| Zdroj předmětové klasifikace | Konspekt |
| 080 1# - MDT | |
| Klasifikační znak MDT | 821 |
| 044 ## - Kód země vydání/výroby | |
| Kód geografické oblasti/země | xr |
| 100 1# - Hlavní záhlaví - osobní jméno autora | |
| Osobní jméno | Oziewicz, Tina, |
| Datumy související se jménem | 1971- |
| -- | xx0265017 |
| Kód role | aut |
| 9 (RLIN) | 18411 |
| 240 10 - Unifikovaný název | |
| Unifikovaný název | <a href="Uczucia i mądrość">Uczucia i mądrość</a> |
| Jazyk díla | Česky |
| 245 10 - Údaje o názvu | |
| Název | Pocity a Moudrost / |
| Údaj o odpovědností, atd. | Tina Oziewiczová ; ilustrovala Aleksandra Zającová, přeložila Anna Halfarová |
| 250 ## - Údaje o vydání | |
| Označení vydání | První vydání |
| 264 #1 - Nakladatelské údaje | |
| Místo vydání | Brno : |
| Nakladatel | Host, |
| Rok vydání | 2026 |
| 300 ## - Fyzický popis | |
| Rozsah | 65 nečíslovaných stran : |
| další fyzické údaje | ilustrace ; |
| Rozměry | 26 cm |
| 336 ## - | |
| -- | text |
| -- | txt |
| -- | rdacontent |
| 337 ## - | |
| -- | bez média |
| -- | n |
| -- | rdamedia |
| 338 ## - | |
| -- | svazek |
| -- | nc |
| -- | rdacarrier |
| 500 ## - Všeobecná poznámka | |
| Text obecné poznámky | Přeloženo z polštiny |
| 520 ## - Anotace | |
| Anotace, atd. | Podivuhodným světem pocitů vás tentokrát provede Moudrost. |
| Rozšířený text anotace | Byl příjemný den, ale jako by něco viselo ve vzduchu. Moudrost seděla ve svém kulatém pokoji v majáku u pootevřeného okna a četla si knížku. Tedy spíš se snažila číst, protože ji pořád něco vyrušovalo. Z vnitrozemí se ozýval čím dál větší hluk a pak se na obzoru objevil šedý dým. Musela se podívat, co se děje Jak uzdravit Radost? Co potřebuje Stesk, aby vyrazil na cestu? Jak povzbudit Pýchu? Koho požádat o pomoc, když se všichni chovají, jako by jim přeskočilo? Takové otázky si Moudrost klade, když z terasy svého majáku pozoruje pocity. Jsou úžasné. Vždycky ji něčím překvapí a nutí ji přemýšlet. A kolik už se toho od nich naučila! |
| 650 #7 - Vedlejší věcné záhlaví - věcné téma | |
| Věcné téma | emoce |
| -- | ph114465 |
| Zdroj záhlaví nebo termínu | czenas |
| 9 (RLIN) | 1779 |
| 655 #7 - Rejstříkový termín - žánr/forma | |
| Žánr/forma či základní termín | polské příběhy |
| -- | fd183167 |
| -- | czenas |
| -- | 6682 |
| 655 #7 - Rejstříkový termín - žánr/forma | |
| Žánr/forma či základní termín | publikace pro děti |
| -- | fd133156 |
| -- | czenas |
| 700 1# - Vedlejší záhlaví - osobní jméno autora | |
| Osobní jméno | Zając, Aleksandra, |
| Datumy související se jménem | 1988- |
| -- | xx0266236 |
| Kód role | ill |
| 9 (RLIN) | 18412 |
| 700 1# - Vedlejší záhlaví - osobní jméno autora | |
| Osobní jméno | Halfarová, Anna |
| -- | kv2016935388 |
| Kód role | trl |
| 9 (RLIN) | 6221 |
| 710 2# - Vedlejší záhlaví - jméno korporativního autora | |
| Jméno korporace nebo jurisdikce | Host (vydavatelství) |
| -- | ko2003163544 |
| Kód role | pbl |
| 787 08 - | |
| -- | Z cyklu: |
| -- | Pocity |
| 900 ## - | |
| -- | UOG001 |
| -- | 17 |
| 998 ## - Místní kontrolní číslo (RLIN) | |
| -- | 010837564 |
| 910 ## - Údaje o vlastníkovi jednotky (exempláře) | |
| Sigla vlastníka jednotky | ABG508 |
| 993 ## - pracovní čísla | |
| -- | 280.00 |
| -- | 429.00 |
| -- | Team Business |
| -- | 2026-05-12 |
| -- | 1076848 |
Žádné dostupné jednotky.